| 000 | 00682cam a22002418a 4500 | ||
|---|---|---|---|
| 008 | |||
| 020 | _a0340859628 (pbk.) | ||
| 049 | _aMAIN | ||
| 090 |
_aBF637.C6 _bMIL |
||
| 100 | 1 | _aMilne, Aileen. | |
| 245 | 1 | 0 |
_aTeach yourself counselling / _cAileen Milne. |
| 260 |
_aChicago, Ill. : _bMcGraw-Hill, _c2004. |
||
| 300 |
_axii, 276 p. ; _c20 cm. |
||
| 440 | _aTeach yourself | ||
| 500 | _aIncludes index. | ||
| 504 | _aIncludes bibliographical references. | ||
| 650 | 0 |
_aCounseling _vTextbooks. |
|
| 907 |
_a.b1019678x _b10-10-18 _c23-03-06 |
||
| 003 | |||
| 005 | 20230123134202.0 | ||
| 040 | _cNUST | ||
| 942 |
_cBOOKS _kBF637.C6 _mMIL |
||
| 999 |
_c161525 _d161525 |
||